000 00318nam a22001457a 4500
008 230912b ||||| |||| 00| 0 eng d
020 _a3540504125
041 _aeng
080 _a521
082 _a521KLA
100 _a19
101 _aASTRO
245 _aREVIEWES IN MODERN ASTRONOMY
_cKLARE.G
942 _2udc
_cBK
999 _c60324
_d60324